[Event "11th European Senior"]
[Site "Courmayeur ITA"]
[Date "2011.04.06"]
[Round "1.33"]
[White "Barlocco, Carlo"]
[Black "Bardin, Christian"]
[Result "1-0"]
[WhiteTitle "FM"]
[WhiteElo "2162"]
[BlackElo "1765"]
[WhiteFideId "802450"]
[BlackFideId "638749"]
[EventDate "2011.04.06"]

1. e4 e5 2. Nc3 Nf6 3. Bc4 Be7 4. d3 Nc6 5. f4 d6 6. Nf3 O-O 7. O-O Bg4 8. h3
Bxf3 9. Qxf3 Na5 10. Bb3 Nxb3 11. axb3 c6 12. Ne2 Qc7 13. Ng3 d5 14. Nf5 Bc5+
15. Kh1 Rfe8 16. fxe5 Qxe5 17. d4 Bxd4 18. exd5 Qxd5 19. Qxd5 Nxd5 20. Nxd4 c5
21. Nb5 Re2 22. c4 Nb4 23. Nc3 Re6 24. Bf4 a6 25. Rad1 Nc2 26. Rd7 b6 27. Bc7
Nd4 28. Rfxf7 Rg6 29. Be5 Ne6 30. Nd5 Rg5 31. Bc3 h6 32. Nc7 Nxc7 33. Rxc7 Re8
34. Rxg7+ Rxg7 35. Rxg7+ 1-0

[Event "11th European Senior"]
[Site "Courmayeur ITA"]
[Date "2011.04.06"]
[Round "1.34"]
[White "Renzini, Lorenzo"]
[Black "Kratschmer, Heinz"]
[Result "0-1"]
[WhiteElo "1747"]
[BlackElo "2161"]
[WhiteFideId "821985"]
[BlackFideId "1606670"]
[EventDate "2011.04.06"]

1. c4 Nf6 2. Nc3 d5 3. cxd5 Nxd5 4. Nf3 c5 5. g3 Nc6 6. Bg2 g6 7. d4 Bg7 8. e3
O-O 9. O-O cxd4 10. Nxd4 Nxc3 11. bxc3 Ne5 12. Qb3 a6 13. Ba3 Qc7 14. Qb4 Re8
15. Qc5 Qxc5 16. Bxc5 Nd3 17. Bb6 e5 18. Ne2 e4 19. Rab1 f5 20. Bd4 b5 21. Nc1
Ne5 22. f3 exf3 23. Bxf3 Nxf3+ 24. Rxf3 Bb7 25. Rf1 Rac8 26. Re1 Rc4 27. Kf2 Be4
28. Rb2 Rec8 29. Nb3 Bxd4 30. cxd4 Rb4 31. Ree2 Bd3 32. Red2 Bc4 33. Nc5 Rxb2
34. Rxb2 a5 35. a3 Kf7 36. Nb7 Ra8 37. Nd6+ Ke6 38. Nxc4 bxc4 39. Rb5 Rc8 40.
Ke2 a4 41. Kd2 Kd6 42. Kc3 Re8 43. Re5 Rxe5 44. dxe5+ Kxe5 45. Kxc4 Ke4 46. Kb4
Kxe3 47. Kxa4 g5 48. Kb4 f4 49. gxf4 gxf4 50. a4 f3 51. a5 f2 0-1

[Event "11th European Senior"]
[Site "Courmayeur ITA"]
[Date "2011.04.06"]
[Round "1.35"]
[White "Bondick, Karl-Heinz"]
[Black "Gonzalo Gonzalez, Francisco"]
[Result "1/2-1/2"]
[WhiteElo "2155"]
[BlackElo "1740"]
[WhiteFideId "4692071"]
[BlackFideId "2252171"]
[EventDate "2011.04.06"]

1. d4 e5 2. d5 Bc5 3. e4 Nf6 4. Nc3 d6 5. Bd3 Ng4 6. Nh3 Qh4 7. Qe2 O-O 8. Na4
Nd7 9. O-O Qh5 10. Qf3 a6 11. Be2 b5 12. Qg3 bxa4 13. Bxg4 Qg6 14. Qf3 Nf6 15.
Bf5 Bxf5 16. exf5 Qh5 17. Qxh5 Nxh5 18. Be3 Bb4 19. c4 Rab8 20. Rac1 Rb7 21. Rc2
h6 22. f3 Rfb8 23. Nf2 Nf4 24. g3 Nh5 25. Ne4 Ba5 26. Rff2 Kh7 27. Kf1 Nf6 28.
g4 Nd7 29. h4 Bb6 30. Bxb6 Rxb6 31. Ke1 Rb4 32. Kd1 Nb6 33. Nd2 Nd7 34. Ne4 Nb6
35. Nd2 1/2-1/2

[Event "11th European Senior"]
[Site "Courmayeur ITA"]
[Date "2011.04.06"]
[Round "1.36"]
[White "Hlinschi, Mihai"]
[Black "Hohler, Peter"]
[Result "0-1"]
[BlackTitle "FM"]
[WhiteElo "1702"]
[BlackElo "2144"]
[WhiteFideId "1206800"]
[BlackFideId "1300296"]
[EventDate "2011.04.06"]

1. e4 e5 2. Nf3 Nc6 3. Bc4 Nf6 4. Nc3 Nxe4 5. Nxe4 d5 6. Bxd5 Qxd5 7. Nc3 Qd8 8.
h3 Bd6 9. d3 O-O 10. O-O f5 11. Re1 Qf6 12. Bd2 Bd7 13. a3 Rae8 14. b4 Nd4 15.
Nxd4 exd4 16. Rxe8 Rxe8 17. Ne2 Qe5 18. Kf1 Bc6 19. f4 Bxg2+ 20. Kxg2 Qxe2+ 21.
Kg3 g5 22. h4 Bxf4+ 23. Bxf4 gxf4+ 0-1

[Event "11th European Senior"]
[Site "Courmayeur ITA"]
[Date "2011.04.06"]
[Round "1.37"]
[White "Valenti, Giuseppe"]
[Black "De Polzer, Manfredi"]
[Result "1-0"]
[WhiteTitle "FM"]
[WhiteElo "2143"]
[BlackElo "1697"]
[WhiteFideId "801119"]
[BlackFideId "835277"]
[EventDate "2011.04.06"]

1. f4 d5 2. Nf3 c5 3. e3 Nc6 4. b3 Nf6 5. Bb2 d4 6. exd4 cxd4 7. Bb5 Bd7 8. O-O
e6 9. Bxc6 Bxc6 10. Nxd4 Bc5 11. c3 Qd5 12. Qe2 O-O 13. Kh1 Rfe8 14. Nxc6 Qxc6
15. d4 Bd6 16. c4 Rad8 17. Nc3 Bb8 18. Rad1 a6 19. Qf3 Qc7 20. g3 b6 21. Rf2 Qe7
22. g4 h6 23. g5 hxg5 24. fxg5 Nd7 25. Rg2 Nf8 26. Ne4 Ng6 27. Nf6+ gxf6 28.
gxf6 Qf8 29. Qh5 1-0

[Event "11th European Senior"]
[Site "Courmayeur ITA"]
[Date "2011.04.06"]
[Round "1.39"]
[White "Kierzek, Matthias, Dr."]
[Black "Gulinelli, Evro"]
[Result "1-0"]
[WhiteElo "2135"]
[BlackElo "1658"]
[WhiteFideId "4647009"]
[BlackFideId "802069"]
[EventDate "2011.04.06"]

1. d4 d5 2. c4 e6 3. Nc3 Nf6 4. Bg5 Be7 5. e3 O-O 6. Nf3 c6 7. Rc1 Nbd7 8. Bd3
dxc4 9. Bxc4 Nd5 10. Bxe7 Qxe7 11. O-O N7f6 12. a3 b6 13. Qe2 Bb7 14. Rfd1 Rfd8
15. Ba6 Rab8 16. b4 Rdc8 17. Ne5 Nxc3 18. Rxc3 Nd5 19. Rc2 f6 20. Bxb7 Qxb7 21.
Nd3 Ne7 22. Qg4 Qd7 23. Rdc1 a5 24. bxa5 f5 25. Ne5 Qb7 26. a6 Qxa6 27. Qh5 g6
28. Qg5 Rb7 29. Qf6 Qxa3 30. Qxe6+ Kg7 31. Nc4 1-0

[Event "11th European Senior"]
[Site "Courmayeur ITA"]
[Date "2011.04.06"]
[Round "1.40"]
[White "Castiglioni, Nando"]
[Black "Colombo, Paolo"]
[Result "0-1"]
[WhiteElo "1651"]
[BlackElo "2130"]
[WhiteFideId "860174"]
[BlackFideId "802379"]
[EventDate "2011.04.06"]

1. d4 Nf6 2. c4 d6 3. Nc3 c6 4. e3 Qc7 5. Nf3 e5 6. Qc2 Be7 7. Be2 Nbd7 8. b3
Nf8 9. O-O Bg4 10. Bb2 Ne6 11. Rac1 O-O 12. d5 Nc5 13. b4 Na6 14. a3 c5 15. b5
Nb8 16. Nh4 Bxe2 17. Qxe2 Qc8 18. e4 g6 19. Nf3 Qg4 20. h3 Qh5 21. Rc2 Nbd7 22.
Bc1 Ne8 23. Nh2 Qxe2 24. Nxe2 Nef6 25. Ng3 a6 26. a4 axb5 27. axb5 Ra4 28. Bg5
Nxd5 29. Bh6 Nb4 30. Bxf8 Kxf8 31. Rd2 Nb6 32. Rc1 Bg5 33. Rxd6 Nc8 34. Rcd1
Nxd6 35. Rxd6 Nc2 36. Nf3 Be7 37. Rb6 f6 38. Nd2 Ra7 39. Ngf1 Ke8 40. Ne3 Nxe3
41. fxe3 Kd7 42. Kh2 Bd8 0-1

[Event "11th European Senior"]
[Site "Courmayeur ITA"]
[Date "2011.04.06"]
[Round "1.42"]
[White "Pintauro, Antonello"]
[Black "Thieme, Hans"]
[Result "0-1"]
[WhiteElo "1616"]
[BlackElo "2101"]
[WhiteFideId "878685"]
[BlackFideId "24612561"]
[EventDate "2011.04.06"]

1. d4 Nf6 2. c4 c5 3. d5 b5 4. cxb5 a6 5. bxa6 g6 6. Nc3 Bg7 7. e4 O-O 8. Nf3 d6
9. Be2 Bxa6 10. O-O Nbd7 11. h3 Qa5 12. Bd2 Bxe2 13. Qxe2 Rfb8 14. Rab1 Ne8 15.
a3 Nc7 16. Nd1 Qa6 17. Qxa6 Rxa6 18. Nc3 Kf8 19. Rfd1 Ke8 20. Ne1 Rab6 21. Nd3
Nb5 22. Rdc1 Bxc3 23. Bxc3 Nxa3 24. Ra1 Nb5 25. f3 Nxc3 26. bxc3 Rb3 27. Ra2 g5
28. Nf2 f6 29. Nd1 Ne5 30. Nf2 Rb2 31. Rxb2 Rxb2 32. Kf1 Ng6 33. Nd1 Ra2 34. Ne3
Nf4 35. Rc2 Ra1+ 36. Kf2 Kd8 37. Kg3 Re1 38. Nf5 Re2 39. Rxe2 Nxe2+ 40. Kg4 Nxc3
41. Kh5 Ne2 42. Ne3 Nf4+ 43. Kh6 Nd3 44. Kxh7 Ne5 45. g3 Nxf3 46. Kg7 Ke8 47.
Nf5 c4 48. h4 gxh4 49. gxh4 Nxh4 50. Nxh4 c3 0-1

[Event "11th European Senior"]
[Site "Courmayeur ITA"]
[Date "2011.04.06"]
[Round "1.43"]
[White "Antonelli, Fabrizio"]
[Black "Luebbers, Doris"]
[Result "1-0"]
[WhiteElo "2100"]
[BlackElo "1602"]
[WhiteFideId "815101"]
[BlackFideId "24630080"]
[EventDate "2011.04.06"]

1. e4 c5 2. Nf3 d6 3. d4 cxd4 4. Nxd4 Nf6 5. Nc3 a6 6. Be2 e6 7. O-O Be7 8. Be3
O-O 9. f4 Nbd7 10. Bf3 Qc7 11. Qe1 b5 12. e5 Bb7 13. exf6 Bxf6 14. Ne4 Be7 15.
Rd1 Nc5 16. Nxc5 dxc5 17. Bxb7 Qxb7 18. Nf3 Rac8 19. Rf2 Rfd8 20. Rfd2 Rxd2 21.
Qxd2 Rc7 22. Ne5 f6 23. Nf3 Kf7 24. Qf2 h6 25. Ne1 Qc8 26. Qf3 c4 27. c3 Bc5 28.
Nc2 Bxe3+ 29. Qxe3 Re7 30. Rf1 Qd7 31. Qd4 Qb7 32. Re1 Rd7 33. Qe3 Re7 34. Nd4
Qd7 35. Qf3 Qc7 36. g3 Qd7 37. Qc6 Qxc6 38. Nxc6 Rc7 39. Nd8+ Kg6 40. Nxe6 Ra7
41. g4 f5 42. h3 fxg4 43. hxg4 Kf6 44. Nd4 Kf7 45. Re6 g6 46. Kf2 Kg7 47. f5
gxf5 48. Nxf5+ 1-0

[Event "11th European Senior"]
[Site "Courmayeur ITA"]
[Date "2011.04.06"]
[Round "1.45"]
[White "Bayer, Wolfgang"]
[Black "Breidenbach, Heinz"]
[Result "1-0"]
[WhiteElo "2073"]
[BlackElo "1548"]
[WhiteFideId "24629251"]
[BlackFideId "842672"]
[EventDate "2011.04.06"]

1. c4 e6 2. b3 Nf6 3. Bb2 d5 4. Nf3 Be7 5. e3 O-O 6. Nc3 c6 7. Rc1 Nbd7 8. d4
Qa5 9. Bd3 dxc4 10. bxc4 b5 11. O-O Ba6 12. Ne5 Nxe5 13. dxe5 Nd7 14. cxb5 cxb5
15. Bxh7+ Kxh7 16. Qxd7 b4 17. Qxe7 Bxf1 18. Qh4+ Kg8 19. Ne4 f6 20. exf6 Bxg2
21. Ng5 Qf5 22. fxg7 Qxf2+ 23. Qxf2 Rxf2 24. Kxf2 Bd5 25. h4 Bxa2 26. h5 Rd8 27.
Kg3 Rd3 28. Rc8+ 1-0

[Event "11th European Senior"]
[Site "Courmayeur ITA"]
[Date "2011.04.06"]
[Round "1.46"]
[White "Brugnolo, Paolo"]
[Black "Belokopyt, Boris"]
[Result "0-1"]
[WhiteElo "1498"]
[BlackElo "2066"]
[WhiteFideId "834408"]
[BlackFideId "4152530"]
[EventDate "2011.04.06"]

1. e4 Nf6 2. Nc3 d6 3. Bc4 g6 4. Nf3 Bg7 5. h3 O-O 6. d3 c6 7. a3 d5 8. exd5
cxd5 9. Ba2 Nc6 10. O-O d4 11. Ne4 Nxe4 12. dxe4 Qb6 13. Qd3 e5 14. Nh2 Nd8 15.
Ng4 Bxg4 16. hxg4 Ne6 17. Qh3 Nf4 18. Qf3 Rac8 19. Bb1 Rfd8 20. g3 Ne6 21. a4 d3
22. a5 Qb5 23. c4 Qxc4 24. Ba2 Qc6 25. Bd5 Qb5 26. b3 Rxd5 27. exd5 Nd4 28. Qe4
f5 29. gxf5 gxf5 30. Qe3 Nc2 31. Qxa7 Nxa1 32. Qb6 Qxb6 33. axb6 Nxb3 34. Be3 d2
35. Rd1 Rc1 36. Rxc1 dxc1=Q+ 0-1

[Event "11th European Senior"]
[Site "Courmayeur ITA"]
[Date "2011.04.06"]
[Round "1.48"]
[White "Lisandri, Luigi"]
[Black "Gardi, Giuseppe"]
[Result "0-1"]
[WhiteElo "1448"]
[BlackElo "2061"]
[WhiteFideId "820377"]
[BlackFideId "811211"]
[EventDate "2011.04.06"]

1. d4 g6 2. Nf3 Bg7 3. e4 d6 4. Bc4 Nf6 5. Nbd2 O-O 6. c3 Nc6 7. a3 Bg4 8. Qc2
e5 9. h3 Bxf3 10. Nxf3 exd4 11. cxd4 Nxe4 12. O-O d5 13. Bd3 Nxd4 14. Nxd4 Bxd4
15. Bf4 Nc5 16. Be2 c6 17. Rad1 Ne6 18. Bh2 Re8 19. Bg4 f5 20. Bf3 Qf6 21. Rd2
Be5 22. g3 Nd4 23. Qd1 Nxf3+ 24. Qxf3 Bxb2 25. Qb3 Bd4 26. Qxb7 Rab8 27. Qa6 Bb6
28. Qd3 Re4 29. Qf3 Rbe8 30. Rc2 Re1 31. h4 Rxf1+ 32. Kxf1 Re4 33. Qd3 Qe6 34.
Rc1 c5 35. Re1 d4 36. Rc1 Qd5 37. Qc4 Qxc4+ 38. Rxc4 d3 39. Rxe4 fxe4 40. Bg1 c4
41. Ke1 Bd4 42. Kd2 Bb6 43. f4 c3+ 0-1

[Event "11th European Senior"]
[Site "Courmayeur ITA"]
[Date "2011.04.06"]
[Round "1.49"]
[White "Capece, Adolivio"]
[Black "Bogatto, Mario"]
[Result "1-0"]
[WhiteElo "2049"]
[BlackElo "1446"]
[WhiteFideId "807664"]
[BlackFideId "820369"]
[EventDate "2011.04.06"]

1. c4 e5 2. Nc3 Nc6 3. g3 Nf6 4. Bg2 Be7 5. d3 d6 6. Nf3 Bd7 7. a3 a6 8. b4 Qc8
9. h4 Na7 10. Bg5 h6 11. Bxf6 Bxf6 12. Nd5 Bd8 13. Rc1 c6 14. Nc3 Bf6 15. Ne4
Be7 16. c5 d5 17. Nc3 Bf6 18. e4 d4 19. Na4 Qd8 20. Nb6 Rb8 21. Nxd7 Qxd7 22.
Bh3 Qe7 23. Nd2 O-O 24. O-O g5 25. hxg5 Bxg5 26. f4 exf4 27. gxf4 Bf6 28. Qh5
Bg7 29. Kh1 f6 30. Rg1 Qf7 31. Qxh6 f5 32. Bxf5 Qf6 33. Be6+ 1-0

[Event "11th European Senior"]
[Site "Courmayeur ITA"]
[Date "2011.04.06"]
[Round "1.50"]
[White "Kierzek, Mira"]
[Black "Maspero, Alfio"]
[Result "1-0"]
[WhiteTitle "WFM"]
[WhiteElo "2044"]
[BlackElo "1417"]
[WhiteFideId "15002110"]
[BlackFideId "846058"]
[EventDate "2011.04.06"]

1. d4 d5 2. c4 Nf6 3. Nf3 Bf5 4. Nc3 e6 5. Qb3 Nbd7 6. cxd5 Bd6 7. dxe6 Bxe6 8.
Qc2 O-O 9. e4 Bb4 10. e5 Nd5 11. Ng5 g6 12. Nxe6 fxe6 13. a3 Ba5 14. b4 Bb6 15.
Nxd5 exd5 16. Be3 Nxe5 17. dxe5 Bxe3 18. fxe3 Qg5 19. Qd2 Qxe5 20. Qd4 Qg5 21.
O-O-O Rae8 22. Qxd5+ Qxd5 23. Rxd5 Rxe3 24. Rd3 Re1+ 25. Rd1 Re3 26. Bc4+ Kg7
27. Rd3 Re7 28. Rhd1 Rf2 29. Rd7 Rxd7 30. Rxd7+ Kh6 31. Rd2 Rf4 32. Bd5 c6 33.
Bf3 Kg5 34. Rd7 b5 35. Rxa7 Rc4+ 36. Kb2 h5 37. Rc7 Kf4 38. Rxc6 Rxc6 39. Bxc6
Ke3 40. Bxb5 g5 41. h3 Kf2 42. Bc6 Ke3 43. b5 Kd4 44. b6 Kc5 45. b7 Kxc6 1-0

[Event "11th European Senior"]
[Site "Courmayeur ITA"]
[Date "2011.04.07"]
[Round "2.2"]
[White "Norman, Kenneth I"]
[Black "Suba, Mihai"]
[Result "1/2-1/2"]
[WhiteTitle "CM"]
[BlackTitle "GM"]
[WhiteElo "2172"]
[BlackElo "2465"]
[WhiteFideId "402419"]
[BlackFideId "1203363"]
[EventDate "2011.04.06"]

1. Nf3 Nf6 2. c4 c5 3. g3 b6 4. Bg2 Bb7 5. O-O e6 6. Nc3 d6 7. d4 cxd4 8. Qxd4
a6 9. Rd1 Nbd7 10. Bg5 Be7 11. Qd2 Qc8 12. Bf4 Nc5 13. b4 Nce4 14. Nxe4 Nxe4 15.
Qd3 O-O 16. Nd2 Nxd2 17. Rxd2 Bxg2 18. Kxg2 Rd8 19. Qb3 b5 20. cxb5 axb5 21. e4
Ra6 22. Rad1 Qa8 23. Qd3 g5 24. Be3 Ra3 25. Qxb5 Qxe4+ 26. Kg1 d5 27. Bc5 Bxc5
28. bxc5 Rda8 29. c6 Rc3 30. Qb7 Rf8 31. Rd4 Qe5 32. a4 Qd6 33. a5 Rxc6 34. Rb4
Kg7 35. Rdb1 Rc2 36. R4b2 Rc7 37. Qb5 Ra8 38. Ra1 Rc5 39. Qb4 Rc6 40. Qd2 h6 41.
Rb7 Qe5 42. Ra2 Raa6 43. Ra3 Qe4 44. Re3 Rc2 45. Qd1 Qc4 46. Rf3 Rc1 47. Rbxf7+
Kg8 48. Rf8+ Kg7 1/2-1/2

[Event "11th European Senior"]
[Site "Courmayeur ITA"]
[Date "2011.04.07"]
[Round "2.3"]
[White "Okhotnik, Vladimir"]
[Black "Van Oosten, Arend"]
[Result "1-0"]
[WhiteTitle "IM"]
[WhiteElo "2458"]
[BlackElo "2170"]
[WhiteFideId "14101289"]
[BlackFideId "1006053"]
[EventDate "2011.04.06"]

1. e4 Nc6 2. Nf3 g6 3. d4 Bg7 4. d5 Ne5 5. Nxe5 Bxe5 6. Be2 d6 7. O-O Bg7 8. Nc3
e5 9. dxe6 fxe6 10. f4 Ne7 11. Be3 O-O 12. Bd4 Nc6 13. Bxg7 Kxg7 14. Qd2 Qf6 15.
Rad1 Rf7 16. Bb5 Qh4 17. Bxc6 bxc6 18. e5 Ba6 19. Rf2 dxe5 20. fxe5 Raf8 21.
Rxf7+ Rxf7 22. Qe3 Qc4 23. h3 Rf1+ 24. Rxf1 Qxf1+ 25. Kh2 Qf5 26. Qd4 Qxc2 27.
Ne4 Bf1 28. Nf2 h5 29. g4 hxg4 30. hxg4 Bc4 31. Qxa7 Qxb2 32. Qc5 Kf7 33. a4 Qd2
34. Kg3 Bd5 35. Nh3 Kg8 36. Qf2 Qc3+ 37. Kh4 Qxe5 38. Ng5 Qg7 39. Qe3 e5 40. a5
Bc4 41. a6 Bxa6 42. Qb3+ Kh8 43. Qb8+ Qg8 44. Qxc7 Bc4 45. Qxc6 Qg7 46. Kg3 Bg8
47. Qd6 Qh6 48. Qxe5+ Qg7 49. Qe3 Qc7+ 50. Kh3 Bc4 51. Qd4+ Kg8 52. Ne4 g5 53.
Kg2 Be6 54. Qa4 Kg7 55. Qd4+ Kg8 56. Nxg5 Qc6+ 57. Kg3 Qc7+ 58. Kh4 Qd7 59. Qf6
Bxg4 60. Qg6+ 1-0

[Event "11th European Senior"]
[Site "Courmayeur ITA"]
[Date "2011.04.07"]
[Round "2.4"]
[White "Miednikova, Swietlana"]
[Black "Chernikov, Oleg L"]
[Result "1/2-1/2"]
[WhiteTitle "WFM"]
[BlackTitle "GM"]
[WhiteElo "2169"]
[BlackElo "2438"]
[WhiteFideId "4109961"]
[BlackFideId "4103289"]
[EventDate "2011.04.06"]

1. e4 c5 2. Nf3 Nc6 3. Bb5 d6 4. c3 Nf6 5. d3 Bd7 6. O-O g6 7. Re1 Bg7 8. d4 O-O
9. d5 Ne5 10. Bf1 Nxf3+ 11. Qxf3 e6 12. Bg5 h6 13. Bh4 g5 14. Bg3 e5 15. Nd2 b5
16. a4 a6 17. Bd3 c4 18. Bc2 h5 19. h4 g4 20. Qe2 Bh6 21. Nf1 Re8 22. axb5 axb5
23. Ne3 Nh7 24. f3 Bf4 25. Qf2 Qf6 26. fxg4 hxg4 27. Rxa8 Rxa8 28. Rf1 Ra2 29.
Bb1 Ra8 30. Bxf4 exf4 31. Qxf4 Qxf4 32. Rxf4 Kg7 33. Kh2 Nf6 34. g3 Ra1 35. Rf1
Nh7 36. Nc2 Ra8 37. Nd4 Ra1 38. Kg2 Nf6 39. Kf2 Nh5 40. Kg2 Nf6 41. Kf2 Nh5 42.
Kg2 1/2-1/2

[Event "11th European Senior"]
[Site "Courmayeur ITA"]
[Date "2011.04.07"]
[Round "2.6"]
[White "Kratschmer, Heinz"]
[Black "Tseitlin, Mark D"]
[Result "1-0"]
[BlackTitle "GM"]
[WhiteElo "2161"]
[BlackElo "2420"]
[WhiteFideId "1606670"]
[BlackFideId "2800128"]
[EventDate "2011.04.06"]

1. d4 Nf6 2. Nf3 g6 3. Nc3 d5 4. Bf4 Bg7 5. e3 O-O 6. Be2 Nh5 7. Bg5 h6 8. Bh4
g5 9. Ne5 gxh4 10. Bxh5 c5 11. Qf3 Be6 12. Qf4 cxd4 13. exd4 Nc6 14. Nf3 Rc8 15.
O-O-O Na5 16. Ne5 Nc4 17. Nxc4 Rxc4 18. Be2 Rc6 19. Qxh4 Qa5 20. Rd3 Bf5 21. Rf3
Bg6 22. Bd3 Rxc3 23. bxc3 Qxc3 24. Rd1 Qa3+ 25. Kd2 f5 26. Rg3 Qd6 27. Re1 Rf7
28. c3 Kf8 29. Rge3 Qa3 30. Qf4 Qxa2+ 31. Bc2 Bf6 32. Qxh6+ Rg7 33. Rxe7 Bxe7
34. Rxe7 Kxe7 35. Qxg7+ Bf7 36. Qe5+ Be6 37. h4 Kd7 38. h5 b5 39. Qb8 f4 40.
Qxb5+ Ke7 41. Qd3 Qa1 42. Qg6 Qg1 43. Qg5+ Kd7 44. Qxf4 Qxg2 45. h6 Qh3 46. h7
Ke7 47. Qg5+ 1-0

[Event "11th European Senior"]
[Site "Courmayeur ITA"]
[Date "2011.04.07"]
[Round "2.7"]
[White "Mishuchkov, Nikolai M."]
[Black "Valenti, Giuseppe"]
[Result "1/2-1/2"]
[WhiteTitle "FM"]
[BlackTitle "FM"]
[WhiteElo "2408"]
[BlackElo "2143"]
[WhiteFideId "4102401"]
[BlackFideId "801119"]
[EventDate "2011.04.06"]

1. d4 d6 2. Nf3 Nd7 3. g3 Ngf6 4. Bg2 e5 5. O-O g6 6. Nc3 Bg7 7. dxe5 dxe5 8.
Qd3 O-O 9. Rd1 Re8 10. Qc4 c6 11. Ng5 Qe7 12. Be3 Nb6 13. Qc5 Bf5 14. Qxe7 Rxe7
15. Bc5 Ree8 16. e4 Bg4 17. f3 Bc8 18. b3 h6 19. Nh3 Be6 20. Nf2 Nfd7 21. Be3 a5
22. a4 Bf8 23. Nd3 Kh7 24. Kf2 f6 25. h4 h5 26. Kg1 Rad8 27. Kh2 Nc8 28. Bh3 f5
29. Bg5 Be7 30. Bxe7 Nxe7 31. f4 exf4 32. Nxf4 Nc5 33. Nxe6 Nxe6 34. exf5 Nxf5
35. Ne4 Rf8 36. Bxf5 gxf5 37. Nd6 Rd7 38. Nc4 Rg7 39. Rd6 Nc5 40. Rf1 Ne4 41.
Rd3 Nf6 42. Nxa5 Re7 43. Rd2 Ng4+ 44. Kh3 Ne3 45. Re2 Rfe8 46. Rfe1 Re4 47. c3
Nd5 48. Rxe4 fxe4 49. Nxb7 Nxc3 50. Nd6 Re6 51. Nc4 c5 52. g4 Nd5 53. gxh5 e3
54. Kg4 e2 55. Kf3 Nc3 56. Kf2 Rf6+ 57. Ke3 Kh6 58. Kd2 Rf3 59. Ne3 Kxh5 60. a5
Nb5 61. a6 Nd4 62. a7 Rf8 63. Kc3 Ra8 64. Nc2 Nxb3 65. Kxb3 Rxa7 66. Rxe2 Kxh4
67. Rg2 Rf7 68. Kc4 Rf4+ 69. Kxc5 Rg4 70. Re2 Kg3 71. Nd4 Rg5+ 72. Kc4 Rg8 73.
Kd3 Ra8 74. Re7 Ra1 75. Rf7 Rd1+ 76. Ke3 Re1+ 77. Ne2+ Kg4 78. Rf2 Ra1 79. Ke4
Kg5 80. Rf5+ Kg6 81. Nf4+ Kg7 82. Rb5 Re1+ 83. Kf5 Re7 84. Rb6 Rf7+ 85. Kg5 Ra7
86. Nd5 Rd7 87. Nf6 Ra7 88. Ne8+ Kf7 89. Nd6+ Kg7 90. Kf5 Re7 91. Rb1 Ra7 92.
Rg1+ Kf8 93. Rb1 Kg7 94. Rb5 Re7 95. Rb8 Ra7 96. Rb5 Re7 97. Ra5 Re1 98. Ra7+
Kh6 99. Kf6 Kh5 100. Rg7 Kh4 101. Kf5 Rf1+ 102. Ke5 Kh3 103. Ne4 Kh2 104. Kd4
Rg1 105. Rf7 Kg2 106. Rf2+ Kh3 107. Ke3 Rg8 108. Rf7 Ra8 109. Rg7 Ra3+ 110. Kf4
Kh2 111. Nd2 Ra4+ 112. Ke3 Kh3 113. Kf3 Ra3+ 114. Kf4 Ra4+ 115. Ne4 Kh2 116. Rg8
Rb4 117. Kf3 Rb3+ 118. Ke2 Kh3 119. Nf6 Rb2+ 120. Kf3 Rb3+ 121. Kf4 Rb4+ 122.
Ne4 Kh2 123. Ra8 1/2-1/2

[Event "11th European Senior"]
[Site "Courmayeur ITA"]
[Date "2011.04.07"]
[Round "2.8"]
[White "Hohler, Peter"]
[Black "Butnorius, Algimantas"]
[Result "0-1"]
[WhiteTitle "FM"]
[BlackTitle "GM"]
[WhiteElo "2144"]
[BlackElo "2388"]
[WhiteFideId "1300296"]
[BlackFideId "12800066"]
[EventDate "2011.04.06"]

1. d4 Nf6 2. c4 e6 3. Nf3 b6 4. g3 Ba6 5. b3 Bb4+ 6. Bd2 Be7 7. Bg2 c6 8. Bc3 d5
9. Nbd2 Nbd7 10. O-O O-O 11. Qc2 b5 12. Rfe1 Rb8 13. h3 bxc4 14. bxc4 dxc4 15.
Rab1 Qc7 16. e4 Rfc8 17. Bf1 c5 18. Qa4 cxd4 19. Bxd4 c3 20. Bxa6 cxd2 21. Nxd2
Nc5 22. Bxc5 Bxc5 23. Kg2 Rd8 24. Rxb8 Qxb8 25. Nb3 Bb6 26. Qb5 h5 27. Qg5 Qc7
28. Qb5 h4 29. Qe2 hxg3 30. fxg3 Qe5 31. Qb5 Qc3 32. Qe2 Nh5 33. Qxh5 Qxe1 0-1

[Event "11th European Senior"]
[Site "Courmayeur ITA"]
[Date "2011.04.07"]
[Round "2.10"]
[White "Nickl, Klaus"]
[Black "Plachetka, Jan"]
[Result "0-1"]
[BlackTitle "GM"]
[WhiteElo "2140"]
[BlackElo "2355"]
[WhiteFideId "1601024"]
[BlackFideId "14900068"]
[EventDate "2011.04.06"]

1. d4 Nf6 2. Nf3 c5 3. c3 e6 4. Nbd2 d5 5. e3 Nc6 6. Bd3 Qc7 7. O-O Be7 8. Qe2
O-O 9. dxc5 Bxc5 10. e4 a6 11. Kh1 h6 12. h3 b5 13. b4 Bb6 14. Bb2 Bb7 15. Rac1
Rad8 16. Bb1 Ne5 17. Nxe5 Qxe5 18. Nf3 Qh5 19. e5 Ne4 20. Kh2 f6 21. exf6 gxf6
22. c4 bxc4 23. Rxc4 dxc4 24. Bxe4 Bxe4 25. Qxe4 e5 26. g4 Qf7 27. Nh4 Rd2 28.
Nf5 Kh8 29. Bc1 Qd5 30. Qxd5 Rxd5 31. Ne7 Rd3 32. Ng6+ Kg7 33. Nxf8 Kxf8 34.
Bxh6+ Kf7 35. Rc1 c3 36. Kg2 Ke6 37. h4 e4 38. h5 f5 39. gxf5+ Kxf5 40. Bg7 Rd2
41. Bxc3 Rxf2+ 42. Kg3 Rxa2 43. Be1 Be3 44. Rc3 Bf4+ 45. Kh4 Rh2+ 46. Rh3 Rg2
47. Ra3 e3 48. Ra5+ Ke4 49. h6 Kf3 50. Kh5 Rh2+ 51. Kg6 Rxh6+ 52. Kf7 Rh1 53.
Bc3 Rc1 54. Ra3 Ke4 55. Bf6 Rc7+ 56. Ke8 Rc6 57. Kf7 Rxf6+ 58. Kxf6 e2 59. Rxa6
Be5+ 0-1

[Event "11th European Senior"]
[Site "Courmayeur ITA"]
[Date "2011.04.07"]
[Round "2.12"]
[White "Colombo, Paolo"]
[Black "Vikulov, Alexander"]
[Result "0-1"]
[BlackTitle "FM"]
[WhiteElo "2130"]
[BlackElo "2316"]
[WhiteFideId "802379"]
[BlackFideId "4121937"]
[EventDate "2011.04.06"]

1. d4 g6 2. Nf3 Bg7 3. c4 c5 4. Nc3 cxd4 5. Nxd4 Nc6 6. Be3 Nf6 7. f3 O-O 8. Bf2
d5 9. Nxc6 bxc6 10. e3 Rb8 11. Qc1 Qa5 12. a3 Rxb2 0-1

[Event "11th European Senior"]
[Site "Courmayeur ITA"]
[Date "2011.04.07"]
[Round "2.14"]
[White "Antonelli, Fabrizio"]
[Black "Fatalibekova, Elena"]
[Result "0-1"]
[BlackTitle "WGM"]
[WhiteElo "2100"]
[BlackElo "2282"]
[WhiteFideId "815101"]
[BlackFideId "4106792"]
[EventDate "2011.04.06"]

1. e4 c5 2. Nf3 Nc6 3. Bb5 e6 4. O-O Nge7 5. Re1 a6 6. Bf1 d5 7. d3 d4 8. a4 e5
9. h3 f6 10. Na3 Be6 11. Nc4 Rb8 12. Bd2 b5 13. axb5 axb5 14. Na5 Nxa5 15. Rxa5
Nc6 16. Ra6 Qc8 17. Qa1 Be7 18. c3 O-O 19. cxd4 exd4 20. Bf4 Ra8 21. Rxa8 Qxa8
22. Bg3 Nb4 23. Qc1 Bb3 24. Nh4 Rd8 25. Nf5 Bf8 26. e5 Qc6 27. Qf4 fxe5 28. Rxe5
Nd5 29. Qg5 Ra8 30. Re4 Qg6 31. f4 Qxg5 32. fxg5 g6 33. Nd6 Ne3 34. Be2 Bd5 35.
Re8 Rxe8 36. Nxe8 Bxg2 37. Kh2 Bf1 38. Bf3 Bxd3 39. Nf6+ Kf7 40. Kg1 c4 41. Nd5
Bc5 42. Be1 Bf5 43. Nxe3 dxe3 44. Bc6 b4 45. Kg2 Ke6 46. h4 c3 0-1